[Event "Rio de Janeiro Fexerj op"]
[Site "Rio de Janeiro"]
[Date "2019.06.01"]
[Round "2"]
[White "Ribeiro Junior, Sairo Jose Mallet"]
[Black "Campos, Alexandre Ferreira"]
[Result "0-1"]
[WhiteElo "1927"]
[BlackElo "2077"]
[PlyCount "76"]
[EventDate "2019.06.01"]
[EventType "swiss"]
[EventRounds "6"]
[EventCountry "BRA"]
[SourceTitle "CBM 190 Extra"]
[Source "ChessBase"]
[SourceDate "2019.07.15"]
[SourceVersion "1"]
[SourceVersionDate "2019.07.15"]
[SourceQuality "1"]

1. d4 Nf6 2. Nf3 g6 3. Bf4 Bg7 4. e3 0-0 5. Bd3 Nh5 6. Bg3 c5 7. c3 d6 8. Nbd2 cxd4 9. cxd4 e5 10. Bh4 Qd7 11. 0-0 Nc6 12. e4 exd4 13. Bb5 a6 14. Qa4 Re8 15. Rac1 Nf4 16. Bg3 axb5 17. Qxa8 Ne2+ 18. Kh1 Nxc1 19. Rxc1 d5 20. e5 Bf8 21. Nb3 d3 22. Na5 Bb4 23. Nb3 Qf5 24. a3 Bf8 25. Na5 Bh6 26. Rd1 d2 27. Nxd2 Bxd2 28. Nxc6 Qc2 29. Ne7+ Rxe7 30. Rf1 Re8 31. b4 Qc6 32. Qa7 b6 33. Qb8 Be6 34. Qa7 d4 35. f4 Bh3 36. Rg1 Be3 37. e6 Bxg2+ 38. Rxg2 Qc1+ 0-1

[Event "Rio de Janeiro Estadual-ch"]
[Site "Rio de Janeiro"]
[Date "2018.09.29"]
[Round "6"]
[White "Gomes, Pedro Pessoa"]
[Black "Ribeiro Junior, Sairo Jose Mallet"]
[Result "0-1"]
[WhiteElo "1571"]
[BlackElo "1979"]
[PlyCount "78"]
[EventDate "2018.09.22"]
[EventType "swiss"]
[EventRounds "6"]
[EventCountry "BRA"]
[SourceTitle "EXT 2020"]
[Source "ChessBase"]
[SourceDate "2019.10.17"]
[SourceVersion "1"]
[SourceVersionDate "2019.10.17"]
[SourceQuality "1"]

1. c4 e5 2. Nc3 Nf6 3. g3 d5 4. cxd5 Nxd5 5. Bg2 c6 6. Nf3 Nxc3 7. bxc3 e4 8. Nd4 Bc5 9. Nb3 Bb6 10. Bxe4 Bh3 11. e3 0-0 12. Bxh7+ Kxh7 13. Qh5+ Kg8 14. Qxh3 Nd7 15. d4 Nf6 16. a4 Qd5 17. 0-0 Qxb3 18. a5 Bc7 19. Ba3 Rfe8 20. Bb4 Qd5 21. Rae1 Qf3 22. c4 Rad8 23. Qg2 Qh5 24. h3 Ne4 25. g4 Qh4 26. f4 Re6 27. Rb1 Rde8 28. Be1 Qd8 29. f5 Rh6 30. Rxb7 Nd6 31. Rxa7 Nxc4 32. Bf2 Qb8 33. g5 Nxe3 34. Bxe3 Rxe3 35. Rf3 Rxf3 36. Qxf3 Qxa7 37. Qe4 Rd6 38. Qe8+ Kh7 39. Qxf7 Qxd4+ 0-1

[Event "Rio de Janeiro Estadual-ch"]
[Site "Rio de Janeiro"]
[Date "2018.09.29"]
[Round "5"]
[White "Ribeiro Junior, Sairo Jose Mallet"]
[Black "Barbosa, Luiz Francisco da S"]
[Result "1/2-1/2"]
[WhiteElo "1979"]
[BlackElo "1793"]
[PlyCount "81"]
[EventDate "2018.09.22"]
[EventType "swiss"]
[EventRounds "6"]
[EventCountry "BRA"]
[SourceTitle "EXT 2020"]
[Source "ChessBase"]
[SourceDate "2019.10.17"]
[SourceVersion "1"]
[SourceVersionDate "2019.10.17"]
[SourceQuality "1"]

1. d4 Nf6 2. Nf3 e6 3. Bg5 h6 4. Bh4 Be7 5. e3 d5 6. c4 0-0 7. Bxf6 Bxf6 8. Nc3 dxc4 9. Bxc4 c5 10. 0-0 Nc6 11. Ne4 cxd4 12. Nxf6+ Qxf6 13. Nxd4 Rd8 14. Qc2 Nxd4 15. exd4 Bd7 16. Rfd1 Bc6 17. Qc3 Rac8 18. Qe3 Qg5 19. Qxg5 hxg5 20. Rd2 Bd5 21. Bd3 Rc7 22. f3 f5 23. b3 Rdc8 24. Kf2 Rc1 25. Rxc1 Rxc1 26. Rc2 Rxc2+ 27. Bxc2 Kf7 28. Bd3 Kf6 29. Bc4 Bc6 30. b4 a6 31. a3 f4 32. h3 Ke7 33. Ke2 Kd6 34. Kd3 Bd5 35. a4 Bc6 36. b5 axb5 37. axb5 Bd5 38. Kc3 Bxc4 39. Kxc4 b6 40. Kd3 Kd5 41. Kc3 1/2-1/2

[Event "Rio de Janeiro Estadual-ch"]
[Site "Rio de Janeiro"]
[Date "2018.09.22"]
[Round "2"]
[White "Silva, Joao Paulo Gomes"]
[Black "Ribeiro Junior, Sairo Jose Mallet"]
[Result "0-1"]
[WhiteElo "1587"]
[BlackElo "1979"]
[PlyCount "86"]
[EventDate "2018.09.22"]
[EventType "swiss"]
[EventRounds "6"]
[EventCountry "BRA"]
[SourceTitle "EXT 2020"]
[Source "ChessBase"]
[SourceDate "2019.10.17"]
[SourceVersion "1"]
[SourceVersionDate "2019.10.17"]
[SourceQuality "1"]

1. Nf3 d5 2. c4 e6 3. b3 Nf6 4. g3 c5 5. Bg2 b6 6. Bb2 Bb7 7. 0-0 d4 8. d3 Na6 9. Nbd2 Be7 10. a3 Qc7 11. Qc2 0-0 12. Ne4 Nxe4 13. dxe4 e5 14. Rad1 Rad8 15. e3 f5 16. exd4 Bxe4 17. Qc1 exd4 18. Ng5 Bxg5 19. Qxg5 Bxg2 20. Kxg2 Qc6+ 21. Kg1 Rde8 22. Rde1 Nc7 23. b4 Ne6 24. Qc1 Qf3 25. Qd1 Qxd1 26. Rxd1 Ng5 27. Kg2 Re2 28. Bc1 Ne4 29. Bf4 g5 30. Bc7 Rf7 31. Bb8 Rb7 32. Be5 Re7 33. Rde1 Nxg3 34. Rxe2 Nxe2 35. Bf6 Nf4+ 36. Kh1 Re2 37. Bxg5 Nh3 38. Bh4 d3 39. Rd1 d2 40. f3 Kf7 41. Bg3 f4 42. Bh4 Kg6 43. bxc5 bxc5 0-1